000 00305nam a2200121Ia 4500
008 240624s9999 xx 000 0 und d
041 _aeng
082 _a332.024 STE
100 _aLUCIA RAYMOND J
245 _aBUCKETS OF MONEY RETIREMENT SOLUTION THE
260 _c2010
_aNew Jersey
_bWiley
365 _cRS
999 _c30768
_d30768